Fr. Conceicao Rodrigues College of Engineering

Fundamentals of Database systems (Record no. 21279)

MARC details
000 -LEADER
fixed length control field 00386nam a2200169Ia 4500
082 ## - DEWEY DECIMAL CLASSIFICATION NUMBER
Classification number 005.74/ELM
Item number ELM
100 ## - MAIN ENTRY--PERSONAL NAME
Personal name Elmasri/Ramez/ Navathe/S.B
250 ## - EDITION STATEMENT
Edition statement 4
245 ## - TITLE STATEMENT
Title Fundamentals of Database systems
260 ## - PUBLICATION, DISTRIBUTION, ETC.
Name of publisher, distributor, etc. Pearson Education
Place of publication, distribution, etc. Mumbai
Date of publication, distribution, etc. 2003
300 ## - PHYSICAL DESCRIPTION
Extent 1010
546 ## - LANGUAGE NOTE
Language note ENGLISH
650 ## - SUBJECT ADDED ENTRY--TOPICAL TERM
Topical term or geographic name entry element Computers
654 ## - SUBJECT ADDED ENTRY--FACETED TOPICAL TERMS
Focus term database system
942 ## - ADDED ENTRY ELEMENTS (KOHA)
Koha item type BOOK
Holdings
Withdrawn status Lost status Damaged status Not for loan Collection Home library Current library Shelving location Date acquired Source of acquisition Total Checkouts Full call number Barcode Date last seen Price effective from Koha item type
        CRC Fr. Agnel's C.Rodrigues College of Engineering Fr. Agnel's C.Rodrigues College of Engineering   17/03/2023 Donated by INFOSYS   005.74/ELM ELM 16352 17/03/2023   BOOK
        CRC Fr. Agnel's C.Rodrigues College of Engineering Fr. Agnel's C.Rodrigues College of Engineering   17/03/2023 Donated by INFOSYS   005.74/ELM ELM 16353 17/03/2023   BOOK
        CRC Fr. Agnel's C.Rodrigues College of Engineering Fr. Agnel's C.Rodrigues College of Engineering   17/03/2023 Donated by INFOSYS   005.74/ELM ELM 16354 17/03/2023   BOOK
        CRC Fr. Agnel's C.Rodrigues College of Engineering Fr. Agnel's C.Rodrigues College of Engineering   17/03/2023 Donated by INFOSYS   005.74/ELM ELM 16355 17/03/2023   BOOK